Metódy vysvetliteľnej umelej inteligencie v prognózovaní zlyhania firiem dizertačná práca
Enregistré dans:
| Auteur principal: | |
|---|---|
| Collectivité auteur: | |
| Autres auteurs: | |
| Format: | Livre |
| Langue: | slovaque |
| Publié: |
Bratislava
2024
|
| Sujets: | |
| Tags: |
Pas de tags, Soyez le premier à ajouter un tag!
|
MARC
| LEADER | 00000nbm a2200000 4500 | ||
|---|---|---|---|
| 001 | 0304023 | ||
| 005 | 20241009134230.7 | ||
| 041 | 0 | |a slo | |
| 044 | |a SK | ||
| 245 | 1 | 0 | |a Metódy vysvetliteľnej umelej inteligencie v prognózovaní zlyhania firiem |b dizertačná práca |c Mária Vojtasová ; školiteľ: Martin Alexy |
| 264 | 1 | |a Bratislava |c 2024 | |
| 300 | |a 144 s. | ||
| 610 | 2 | 0 | |a inteligencia umelá |
| 610 | 2 | 0 | |a firmy |
| 610 | 2 | 0 | |a siete neurónové |
| 610 | 2 | 0 | |a riadenie rizík |
| 100 | 1 | |a Vojtasová, Mária, 1997- | |
| 700 | 1 | |a Alexy, Martin, 1976- | |
| 710 | 2 | |a Národohospodárska fakulta EU. Katedra financií | |